000 00822nas a2200265 4500
001 BR2014000459
003 BR-BrBNA
005 20231205123626.0
007 ta
008 230509b bl.|||p| |||| 00| 00por d
040 _aBR-BrBNA
_bpor
_cBiblioteca Nacional de Agricultura
041 _a(En)
072 _aH50
100 1 _aSivestre, D.M.
100 1 _aKolb, R.M.
100 1 _aFrei, F.
100 1 _aSantos, C. dos
245 1 _aPhytotoxicity of organic extracts of Turnera ulmifolia L. and Turnera diffusa Wild. ex. Schult. in cucumber seeds
650 _aPEPINO
650 _aFITOTOXICIDADE
650 _aALELOPATIA
773 0 _tActa Botanica Brasilica (Brazil)
_xISSN 0102-3306
_g(Jul--Sep 2013), v. 27(3) p. 476-482
_wBR2014000459
909 _a202311
_bLúcia
_c55
_dLúcia Elande
942 _2AGRIS
_n0
_cANA
999 _c234862
_d234862